[Event "Havana-ch (Women)"]
[Site "Havana"]
[Date "2009.11.06"]
[Round "1"]
[White "Salas Miranda, Laura Mercedes"]
[Black "Hernandez Reyes, Venus"]
[Result "0-1"]
[WhiteElo "2019"]
[BlackElo "2106"]
[PlyCount "84"]
[EventDate "2009.11.06"]
[EventType "tourn"]
[EventRounds "14"]
[EventCountry "CUB"]
[EventCategory "1"]
[SourceTitle "EXT 2012"]
[Source "ChessBase"]
[SourceDate "2011.11.24"]
[SourceVersion "1"]
[SourceVersionDate "2011.11.24"]
[SourceQuality "1"]

1. e4 e5 2. Nf3 Nc6 3. Bb5 a6 4. Bxc6 dxc6 5. d3 f6 6. Be3 Bd6 7. Nbd2 Be6 8. 0-0 Qd7 9. d4 Bg4 10. Nc4 exd4 11. Nxd6+ cxd6 12. Bxd4 c5 13. Bc3 Ne7 14. Re1 Bxf3 15. Qxf3 0-0 16. Rad1 Qe6 17. Qg3 Rad8 18. a3 Nc6 19. Rd5 Rfe8 20. Qf4 Ne7 21. Rdd1 Nc6 22. Qg3 b5 23. Rd3 d5 24. f3 d4 25. Bd2 Ne5 26. Bh6 g5 27. Rb3 c4 28. f4 Nf7 29. f5 Qb6 30. Bxg5 Nxg5 31. Rf3 d3+ 32. Kh1 dxc2 33. Rc3 Rd3 34. Rxd3 cxd3 35. Rc1 Qd4 36. Qc7 Qxb2 37. Rf1 Qb1 38. Kg1 d2 39. Qxc2 Qxc2 40. h3 d1Q 41. Rxd1 Qxd1+ 42. Kh2 Qd6+ 0-1